| 000 | 00381nam a2200121Ia 4500 | ||
|---|---|---|---|
| 008 | 180901s9999 xx 000 0 und d | ||
| 020 | _a9789715849722 | ||
| 100 | _aAgno,Lydia N. | ||
| 245 |
_cLydia N. Agno.-- _aPrinciples of teaching 2 : _ba modular approach / |
||
| 260 |
_aQuezon City : _bC & E Publishing _c2010 |
||
| 300 | _axiii, 323 pages. | ||
| 650 | _aTeaching -- Philippines. | ||
| 999 |
_c358464 _d358464 |
||